[Event "BI-2012-P-00031"]
[Site "LSS email"]
[Date "2012.04.20"]
[Round "?"]
[White "Bilsel, Sabahaddin"]
[Black "Gurinov, Sergey Vasilyevich"]
[Result "1-0"]
[WhiteElo "1927"]
[BlackElo "2025"]
[PlyCount "97"]
[EventDate "2012.04.22"]
[EventType "tourn (corr)"]
[EventRounds "10"]
[EventCountry "GER"]
[SourceTitle "Telechess CBM 163"]
[Source "ChessBase"]
[SourceDate "2014.11.11"]
[SourceVersion "2"]
[SourceVersionDate "2014.11.11"]
[SourceQuality "1"]

1. d4 Nf6 2. c4 g6 3. Nc3 Bg7 4. e4 d6 5. Nf3 0-0 6. h3 Nbd7 7. Bg5 c6 8. Be2 e5 9. d5 Qc7 10. 0-0 a5 11. Qc2 Nc5 12. Nd2 Bd7 13. a4 Rfc8 14. Nb3 cxd5 15. Nxc5 Qxc5 16. cxd5 Qb4 17. Rfe1 Rab8 18. Ra2 Ra8 19. Bd2 Rc7 20. Qb1 Rcc8 21. Be3 Be8 22. Ra3 Rxc3 23. Rxc3 Qxe4 24. Qxe4 Nxe4 25. Rc7 Bxa4 26. Rec1 Nf6 27. Rc8+ Rxc8 28. Rxc8+ Bf8 29. Bg5 Nd7 30. Rd8 f6 31. Bh6 Kf7 32. Bxf8 Nxf8 33. Rxd6 Bb3 34. Bf3 Bc4 35. Rd8 f5 36. d6 e4 37. Bd1 Bb5 38. Bb3+ Ne6 39. Rb8 Bc6 40. d7 Bxd7 41. Rxb7 Ke7 42. Ra7 Nc5 43. Bc4 a4 44. Bb5 Kd6 45. Bxd7 Nxd7 46. Rxa4 Kd5 47. Ra7 Nf6 48. g3 Kd6 49. b4 1-0

[Event "BI-2012-P-00031"]
[Site "LSS email"]
[Date "2012.04.20"]
[Round "?"]
[White "Korchut, Adam"]
[Black "Bilsel, Sabahaddin"]
[Result "1/2-1/2"]
[WhiteElo "1829"]
[BlackElo "1927"]
[PlyCount "82"]
[EventDate "2012.04.22"]
[EventType "tourn (corr)"]
[EventRounds "10"]
[EventCountry "GER"]
[SourceTitle "Telechess CBM 163"]
[Source "ChessBase"]
[SourceDate "2014.11.11"]
[SourceVersion "2"]
[SourceVersionDate "2014.11.11"]
[SourceQuality "1"]

1. e4 c5 2. Nf3 e6 3. d4 cxd4 4. Nxd4 a6 5. Nc3 Qc7 6. Be2 Nf6 7. 0-0 d6 8. f4 Be7 9. Be3 0-0 10. Qe1 b5 11. a3 Bb7 12. Bf3 Nbd7 13. Rd1 Nc5 14. e5 dxe5 15. fxe5 Nfd7 16. b4 Nxe5 17. bxc5 Nxf3+ 18. Nxf3 Bxc5 19. Qf2 Bxa3 20. Rd3 Qe7 21. Ne5 f6 22. Nd7 Rfd8 23. Rfd1 Bc6 24. Nc5 a5 25. Rxd8+ Rxd8 26. Rxd8+ Qxd8 27. Nxe6 Qd7 28. Nd4 Bb4 29. Nxc6 Qxc6 30. Na2 Bf8 31. Qe2 a4 32. Kf1 a3 33. Qd3 g6 34. Bd2 Kg7 35. Bb4 Bxb4 36. Nxb4 Qa8 37. Qd7+ Kh6 38. Qe6 Qa4 39. Qe3+ g5 40. Qd4 Kg6 41. Qd3+ Kg7 1/2-1/2